रांगोळी; महिरप; तोरणे व इतर सजावट. (Record no. 266062)

MARC details
000 -LEADER
fixed length control field 00746nam a2200181Ia 4500
008 - FIXED-LENGTH DATA ELEMENTS--GENERAL INFORMATION
fixed length control field 090630s9999 xx 000 0 und d
082 ## - DEWEY DECIMAL CLASSIFICATION NUMBER
Item number 14206
100 ## - MAIN ENTRY--PERSONAL NAME
Personal name परुळेकर आशा.
245 ## - TITLE STATEMENT
Title रांगोळी; महिरप; तोरणे व इतर सजावट.
Statement of responsibility, etc परुळेकर आशा.
260 ## - PUBLICATION, DISTRIBUTION, ETC. (IMPRINT)
Name of publisher, distributor, etc उन्मेष - पुणे.
300 ## - PHYSICAL DESCRIPTION
Extent 62
600 ## - SUBJECT ADDED ENTRY--PERSONAL NAME
Personal name परुळेकर आशा.
630 ## - SUBJECT ADDED ENTRY--UNIFORM TITLE
Uniform title रांगोळी; महिरप; तोरणे व इतर सजावट.
655 ## - INDEX TERM--GENRE/FORM
Genre/form data or focus term इतर.
700 ## - ADDED ENTRY--PERSONAL NAME
Personal name परुळेकर आशा.
730 ## - ADDED ENTRY--UNIFORM TITLE
Uniform title रांगोळी; महिरप; तोरणे व इतर सजावट.
942 ## - ADDED ENTRY ELEMENTS (KOHA)
Koha item type Book
Holdings
Withdrawn status Lost status Damaged status Not for loan Home library Current library Date acquired Cost, normal purchase price Total Checkouts Full call number Barcode Date last seen Cost, replacement price Price effective from Koha item type
        Sarvajanik Wachanalaya Shrivardhan Sarvajanik Wachanalaya Shrivardhan   8.00   14206 SAWASHRI-14206 06/30/2009 8.00 06/30/2009 Book